[Event "Vazquez Memorial IM 17th"]
[Site "Mayabeque"]
[Date "2019.09.29"]
[Round "7"]
[White "Noboa Silva, Kevin Omar"]
[Black "Lafont Linares, Ronny Manuel"]
[Result "1-0"]
[WhiteElo "2295"]
[BlackElo "2145"]
[PlyCount "69"]
[EventDate "2019.09.25"]
[EventType "tourn"]
[EventRounds "9"]
[EventCountry "CUB"]
[EventCategory "1"]
[SourceTitle "EXT 2020"]
[Source "ChessBase"]
[SourceDate "2019.10.17"]
[SourceVersion "1"]
[SourceVersionDate "2019.10.17"]
[SourceQuality "1"]

1. d4 Nf6 2. c4 g6 3. Nc3 d5 4. cxd5 Nxd5 5. e4 Nxc3 6. bxc3 Bg7 7. Nf3 c5 8. Be2 Nc6 9. d5 Bxc3+ 10. Bd2 Bxa1 11. Qxa1 Nd4 12. Nxd4 cxd4 13. Qxd4 0-0 14. 0-0 Qb6 15. Qa1 Bd7 16. Bh6 f6 17. Rb1 Qc7 18. Rc1 Qb6 19. Bxf8 Rxf8 20. h4 Qd6 21. h5 b5 22. Qd4 a6 23. Qe3 g5 24. g3 Kh8 25. Bf3 h6 26. Re1 Kg7 27. Rc1 Rc8 28. Rxc8 Bxc8 29. Qa7 Qb4 30. Qc7 Bh3 31. Kh2 g4 32. e5 fxe5 33. Qxe5+ Kf7 34. Be4 Qd6 35. Qh8 1-0

[Event "Vazquez Memorial IM 17th"]
[Site "Mayabeque"]
[Date "2019.09.27"]
[Round "4"]
[White "Lafont Linares, Ronny Manuel"]
[Black "Garcia Garcia, Alejandro"]
[Result "0-1"]
[WhiteElo "2145"]
[BlackElo "2218"]
[PlyCount "56"]
[EventDate "2019.09.25"]
[EventType "tourn"]
[EventRounds "9"]
[EventCountry "CUB"]
[EventCategory "1"]
[SourceTitle "EXT 2020"]
[Source "ChessBase"]
[SourceDate "2019.10.17"]
[SourceVersion "1"]
[SourceVersionDate "2019.10.17"]
[SourceQuality "1"]

1. e4 c5 2. Nf3 e6 3. d4 cxd4 4. Nxd4 Nf6 5. Nc3 Nc6 6. Ndb5 d6 7. Bf4 e5 8. Nd5 Nxd5 9. exd5 exf4 10. dxc6 bxc6 11. Qf3 Bb7 12. 0-0-0 Be7 13. Nd4 0-0 14. Bd3 g6 15. h4 Bf6 16. Nb3 Be5 17. h5 Qf6 18. c3 a5 19. Bc4 a4 20. hxg6 axb3 21. Bxf7+ Rxf7 22. gxf7+ Qxf7 23. a3 c5 24. Qg4+ Kh8 25. Rh5 Be4 26. Rdh1 Rg8 27. Rg5 Bg6 28. a4 Bf6 0-1

[Event "Vazquez Memorial IM 17th"]
[Site "Mayabeque"]
[Date "2019.09.26"]
[Round "3"]
[White "Lafont Linares, Ronny Manuel"]
[Black "Obregon Garcia, Roxangel"]
[Result "0-1"]
[WhiteElo "2145"]
[BlackElo "2267"]
[PlyCount "108"]
[EventDate "2019.09.25"]
[EventType "tourn"]
[EventRounds "9"]
[EventCountry "CUB"]
[EventCategory "1"]
[SourceTitle "EXT 2020"]
[Source "ChessBase"]
[SourceDate "2019.10.17"]
[SourceVersion "1"]
[SourceVersionDate "2019.10.17"]
[SourceQuality "1"]

1. e4 c5 2. Nf3 Nc6 3. d4 cxd4 4. Nxd4 Nf6 5. Nc3 d6 6. Bg5 e6 7. Qd2 a6 8. 0-0-0 Bd7 9. f4 b5 10. Nxc6 Bxc6 11. e5 dxe5 12. Qe1 Qc7 13. fxe5 Nd7 14. Bf4 Nc5 15. Bd3 Qb7 16. Qf2 0-0-0 17. Rhg1 Be7 18. Be3 Nxd3+ 19. cxd3 b4 20. Ne2 Rd7 21. Kb1 Bd5 22. Rc1+ Kb8 23. Nf4 Qb5 24. Rgd1 Ba8 25. Bc5 Bxc5 26. Rxc5 Qb7 27. h4 Rhd8 28. Rdc1 Rd4 29. R1c4 Rxc4 30. Rxc4 Rc8 31. Rxc8+ Qxc8 32. Qb6+ Qb7 33. Qd6+ Ka7 34. Qc5+ Qb6 35. Qe7+ Bb7 36. Qxf7 Qe3 37. Nxe6 Qxd3+ 38. Kc1 Qc4+ 39. Kd2 Qd5+ 40. Kc2 Qxg2+ 41. Kb3 Qd5+ 42. Kxb4 Qb5+ 43. Ka3 Qa5+ 44. Kb3 Qb6+ 45. Ka3 a5 46. b3 Qb4+ 47. Kb2 Qd2+ 48. Ka3 Qc1+ 49. Ka4 Qc6+ 50. Ka3 Qc1+ 51. Ka4 Ka6 52. Nc7+ Kb6 53. Nb5 Qc5 54. Qd7 Qb4# 0-1

[Event "CUB-ch U18"]
[Site "Pinar del Rio"]
[Date "2019.06.30"]
[Round "5"]
[White "Lafont Linares, Ronny Manuel"]
[Black "Perez Marimon, Jorge De Jesus"]
[Result "1-0"]
[WhiteElo "1924"]
[BlackElo "2178"]
[PlyCount "81"]
[EventDate "2019.06.28"]
[EventType "swiss"]
[EventRounds "9"]
[EventCountry "CUB"]
[SourceTitle "CBM 195 Extra"]
[Source "ChessBase"]
[SourceDate "2020.05.31"]
[SourceVersion "1"]
[SourceVersionDate "2020.05.31"]
[SourceQuality "1"]

1. e4 g6 2. d4 Bg7 3. Nc3 a6 4. Nf3 d6 5. Be3 b5 6. a3 Bb7 7. Bd3 Nd7 8. Ne2 Ngf6 9. Ng3 c5 10. c3 h5 11. h4 Ng4 12. Bg5 Qb6 13. 0-0 cxd4 14. cxd4 Nf8 15. a4 Ne6 16. axb5 axb5 17. Qb3 Nxd4 18. Nxd4 Bxd4 19. Qxb5+ Qxb5 20. Bxb5+ Kf8 21. Rxa8+ Bxa8 22. b3 f6 23. Bd2 Kg7 24. Ne2 Bb6 25. Nc3 Rc8 26. Bc4 Bd4 27. Nd5 e5 28. Bb4 f5 29. Bxd6 fxe4 30. Nc7 Bb6 31. Be6 Rxc7 32. Bxc7 Bxc7 33. Bxg4 hxg4 34. Ra1 g3 35. Rxa8 Bb6 36. Rb8 gxf2+ 37. Kf1 Bd4 38. b4 Kf6 39. g4 Ke6 40. b5 Kd5 41. Rc8 1-0

[Event "Mayabeque Province-ch final"]
[Site "Mayabeque"]
[Date "2018.10.25"]
[Round "4.1"]
[White "Hernandez Herrera, Hanoy Fredy"]
[Black "Lafont Linares, Ronny Manuel"]
[Result "1-0"]
[WhiteElo "1990"]
[BlackElo "1944"]
[PlyCount "119"]
[EventDate "2018.10.23"]
[EventType "team-tourn"]
[EventRounds "9"]
[EventCountry "CUB"]
[SourceTitle "EXT 2021"]
[Source "ChessBase"]
[SourceDate "2020.10.23"]
[SourceVersion "1"]
[SourceVersionDate "2020.10.23"]
[SourceQuality "1"]
[WhiteTeam "Melena"]
[BlackTeam "Nueva Paz"]
[WhiteTeamCountry "CUB"]
[BlackTeamCountry "CUB"]

1. e4 c5 2. Nf3 g6 3. Bc4 Bg7 4. 0-0 Nc6 5. c3 e6 6. d4 cxd4 7. cxd4 Nge7 8. Nc3 0-0 9. d5 exd5 10. Nxd5 d6 11. h3 Nxd5 12. Bxd5 h6 13. Qb3 Bd7 14. Bf4 Qe7 15. Rad1 Ne5 16. Nxe5 dxe5 17. Be3 Bc6 18. Bxc6 bxc6 19. Qc4 Qb7 20. b3 Qb5 21. Rc1 Rfc8 22. Rfd1 a5 23. Rd7 Qxc4 24. Rxc4 Bf8 25. Rb7 Ra6 26. Bb6 Bb4 27. Be3 Bf8 28. Rc1 a4 29. b4 Raa8 30. a3 g5 31. Rb6 c5 32. Bxc5 Bxc5 33. Rxc5 Rxc5 34. bxc5 Rc8 35. Rb5 Kf8 36. Kf1 Ke8 37. Ke2 Rd8 38. c6 Ke7 39. Rxe5+ Kd6 40. Rd5+ Kc7 41. Rxd8 Kxd8 42. Kd3 Kc7 43. Kc4 Kxc6 44. e5 h5 45. g3 g4 46. hxg4 hxg4 47. Kd4 Kd7 48. Kc5 Ke6 49. Kb4 Kxe5 50. Kxa4 Ke4 51. Kb4 Kf3 52. a4 Kxf2 53. a5 Kxg3 54. a6 f5 55. a7 f4 56. a8Q f3 57. Kc3 Kh2 58. Kd2 Kg1 59. Qe4 f2 60. Qxg4+ 1-0

[Event "Victoria de Giron Cup tt"]
[Site "Matanzas"]
[Date "2018.10.03"]
[Round "4.1"]
[White "Heredero Gascon, Elizabeth"]
[Black "Lafont Linares, Ronny Manuel"]
[Result "0-1"]
[WhiteElo "1724"]
[BlackElo "1944"]
[PlyCount "74"]
[EventDate "2018.10.02"]
[EventType "team-tourn"]
[EventRounds "9"]
[EventCountry "CUB"]
[SourceTitle "EXT 2021"]
[Source "ChessBase"]
[SourceDate "2020.10.23"]
[SourceVersion "1"]
[SourceVersionDate "2020.10.23"]
[SourceQuality "1"]

1. d4 Nf6 2. Nf3 g6 3. Bf4 Bg7 4. h3 0-0 5. e3 d5 6. Bd3 c5 7. c3 Nc6 8. Nbd2 Qb6 9. Qb3 c4 10. Qxb6 axb6 11. Bc2 Bf5 12. Bxf5 gxf5 13. Ne5 Ra6 14. Nxc6 bxc6 15. 0-0 Rfa8 16. a3 Nd7 17. Nf3 f6 18. Rad1 e6 19. Rfe1 h5 20. Nh4 c5 21. Bg3 b5 22. Ng6 b4 23. axb4 cxb4 24. Nf4 Kf7 25. Nxh5 Ra2 26. Nxg7 Kxg7 27. Rb1 Nb6 28. Bd6 b3 29. Ba3 Na4 30. Rec1 e5 31. Ra1 Nxc3 32. Rxa2 Nxa2 33. Re1 Rxa3 34. bxa3 b2 35. a4 Nc1 36. dxe5 fxe5 37. a5 b1Q 0-1

[Event "Agosto de Victorias op"]
[Site "Mayabeque"]
[Date "2018.08.07"]
[Round "8"]
[White "Perez Marimon, Jorge De Jesus"]
[Black "Lafont Linares, Ronny Manuel"]
[Result "1-0"]
[WhiteElo "2101"]
[BlackElo "1848"]
[PlyCount "57"]
[EventDate "2018.08.04"]
[EventType "swiss"]
[EventRounds "9"]
[EventCountry "CUB"]
[SourceTitle "EXT 2021"]
[Source "ChessBase"]
[SourceDate "2020.10.23"]
[SourceVersion "1"]
[SourceVersionDate "2020.10.23"]
[SourceQuality "1"]

1. e4 c5 2. Nc3 g6 3. g3 Bg7 4. Bg2 Nc6 5. d3 e6 6. Be3 d6 7. Qd2 Nd4 8. Nce2 Ne7 9. c3 Ndc6 10. Bh6 Bf6 11. Nf3 Bd7 12. 0-0 Ng8 13. Be3 Qe7 14. d4 0-0-0 15. b4 c4 16. d5 exd5 17. exd5 Ne5 18. Bxa7 h5 19. Bb6 Nd3 20. Nf4 Nxf4 21. gxf4 Re8 22. Rfe1 Qf8 23. Qb2 Bd8 24. Bd4 f6 25. Qa3 Bc7 26. Qa8+ Bb8 27. Ba7 Kc7 28. Bb6+ Kc8 29. Nd4 1-0

[Event "Agosto de Victorias op"]
[Site "Mayabeque"]
[Date "2018.08.06"]
[Round "5"]
[White "Lafont Linares, Ronny Manuel"]
[Black "De la Torre Rodriguez, Elizabeth"]
[Result "1-0"]
[WhiteElo "1848"]
[BlackElo "2055"]
[PlyCount "81"]
[EventDate "2018.08.04"]
[EventType "swiss"]
[EventRounds "9"]
[EventCountry "CUB"]
[SourceTitle "EXT 2021"]
[Source "ChessBase"]
[SourceDate "2020.10.23"]
[SourceVersion "1"]
[SourceVersionDate "2020.10.23"]
[SourceQuality "1"]

1. e4 c5 2. Nf3 e6 3. d4 cxd4 4. Nxd4 a6 5. c4 Nf6 6. Nc3 Qc7 7. Bd3 Nc6 8. Nde2 Ne5 9. b3 Nxd3+ 10. Qxd3 b6 11. Bf4 e5 12. Bg5 Bb7 13. Bxf6 gxf6 14. Nd5 Bxd5 15. cxd5 Bb4+ 16. Kf1 0-0 17. Ng3 Kh8 18. Nh5 Rg8 19. Nxf6 Rg6 20. Nh5 Rag8 21. Ng3 b5 22. Ke2 Qb6 23. a3 Bc5 24. Qf3 Bd4 25. Rab1 Rf6 26. Nf5 Qc5 27. Rhc1 Qxa3 28. Rc2 b4 29. g3 Qa5 30. Qd3 Bc3 31. Qc4 Qb6 32. Ra2 Ra8 33. d6 a5 34. Rd1 Qb7 35. Rd5 Rc8 36. Qb5 Qxb5+ 37. Rxb5 h5 38. Rbxa5 Re6 39. Ra7 Rd8 40. Rc7 Bd4 41. Ra4 1-0

[Event "Agosto de Victorias op"]
[Site "Mayabeque"]
[Date "2018.08.04"]
[Round "1"]
[White "Lafont Linares, Ronny Manuel"]
[Black "Gonzalez Ramos, Eduardo"]
[Result "0-1"]
[WhiteElo "1848"]
[BlackElo "2120"]
[PlyCount "60"]
[EventDate "2018.08.04"]
[EventType "swiss"]
[EventRounds "9"]
[EventCountry "CUB"]
[SourceTitle "EXT 2021"]
[Source "ChessBase"]
[SourceDate "2020.10.23"]
[SourceVersion "1"]
[SourceVersionDate "2020.10.23"]
[SourceQuality "1"]

1. e4 e5 2. Nf3 Nc6 3. Bb5 Nf6 4. Qe2 Bc5 5. Bxc6 dxc6 6. Nxe5 Qe7 7. Nd3 Nxe4 8. Nxc5 Nxc5 9. Qxe7+ Kxe7 10. 0-0 Bf5 11. d3 Ne6 12. Be3 c5 13. Nd2 h6 14. Rfe1 Kd7 15. Nf3 f6 16. a3 a5 17. h3 Bg6 18. Re2 Bh5 19. g4 Bf7 20. Kg2 g5 21. Rae1 Kc6 22. Bd2 Nd4 23. Nxd4+ cxd4 24. Re7 Bd5+ 25. Kg3 h5 26. f4 hxg4 27. hxg4 Raf8 28. Rg7 Rh6 29. Ree7 Rfh8 30. fxg5 Rh3+ 0-1